Frequency encoding of resonant mass sensors for chemical vapor detection /
Đã lưu trong:
| 主要作者: | |
|---|---|
| 格式: | Bài viết |
| 語言: | English |
| 主題: | |
| 標簽: |
添加標簽
沒有標簽, 成為第一個標記此記錄!
|
| Thư viện lưu trữ: | Thư viện Trường Đại học Đà Lạt |
|---|
| LEADER | 00906nam a2200313 4500 | ||
|---|---|---|---|
| 001 | DLU090097315 | ||
| 005 | ##20091201 | ||
| 040 | # | # | |a DLU |b eng |
| 041 | # | # | |a eng |
| 044 | # | # | |a us |
| 100 | # | # | |a Guan, Shenheng. |
| 245 | # | # | |a Frequency encoding of resonant mass sensors for chemical vapor detection / |c Shenheng Guan. |
| 653 | # | # | |a Acetone |
| 653 | # | # | |a Chemical sensor |
| 653 | # | # | |a Fourier transformation |
| 653 | # | # | |a Frequency encoding |
| 653 | # | # | |a Gas detector |
| 653 | # | # | |a Sensor array |
| 653 | # | # | |a Spectral analysis |
| 773 | # | # | |t Analytical Chemistry |g Vol. 75, no. 17 (September 2003), p. 4551-4557 |
| 920 | # | # | |a Phòng Tạp chí -- Trung tâm Thông tin - Thư viện Trường Đại học Đà Lạt |
| 994 | # | # | |a DLU |
| 900 | # | # | |a True |
| 911 | # | # | |a Trương Bảo Trâm Anh |
| 925 | # | # | |a G |
| 926 | # | # | |a A |
| 927 | # | # | |a BB |
| 980 | # | # | |a Thư viện Trường Đại học Đà Lạt |